Third conference on the law of the sea
Sparad:
| Materialtyp: | Bok |
|---|---|
| Språk: | Undetermined |
| Publicerad: |
U.S.A.
United Nations
1975
|
| Ämnen: | |
| Taggar: |
Lägg till en tagg
Inga taggar, Lägg till första taggen!
|
| Thư viện lưu trữ: | Trung tâm Học liệu Trường Đại học Cần Thơ |
|---|
| LEADER | 00415nam a2200157Ia 4500 | ||
|---|---|---|---|
| 001 | CTU_98501 | ||
| 008 | 210402s9999 xx 000 0 und d | ||
| 082 | |a 340.13 | ||
| 082 | |b T445 | ||
| 245 | 0 | |a Third conference on the law of the sea | |
| 260 | |a U.S.A. | ||
| 260 | |b United Nations | ||
| 260 | |c 1975 | ||
| 650 | |a International law | ||
| 904 | |i M.Loan | ||
| 980 | |a Trung tâm Học liệu Trường Đại học Cần Thơ | ||